000 00604nam a22001937a 4500
008 151130b xxu||||| |||| 00| 0 eng d
020 _a9780970045560
020 _a0970045565
041 0 _aeng
080 _a658.8
100 1 _aAxelrod, Terry.
245 1 4 _aThe joy of fundraising :
_cby Terry Axelrod.
250 _a1st ed.
260 _aSeattle, WA :
_bBenevon Publications,
_cc2006.
300 _a112 f . ;
_c20 cm.
650 0 _aNgritja e fondeve
650 0 _aOrganizata jo-fitim prurëse
942 _2ddc
_cBK
999 _c1387
_d1387